| 000 | 00589nam a2200193 a 4500 | ||
|---|---|---|---|
| 005 | 20210223120636.0 | ||
| 008 | 991125s1982 ea 000 0 eng u | ||
| 020 | _a0471094420 | ||
| 035 | _aUPN01000004833 | ||
| 049 | _aCG | ||
| 050 | 4 |
_aQA278 _bM8.2 |
|
| 100 | 1 |
_aMuirhead, Robb John, _d1946- _938833 |
|
| 245 | 1 | 0 |
_aAspects of multivariate statistical theory / _cRobb J. Muirhead. |
| 260 |
_aNew York : _bJ. Wiley, _c1982. |
||
| 300 | _a673 p. | ||
| 440 | 0 | _aWiley series in probability and mathematical statistics | |
| 650 | 4 |
_aANALISIS ESTADISTICO MULTIVARIABLE _9561 |
|
| 905 | _aLibro | ||
| 999 |
_c4833 _d4833 |
||